Space

Bibliographic Details
Main Author: Daly, Bridget
Format: Book
Published: Loughborough : Ladybirds Books Ltd , 1993
Series:Favourite tales
Subjects:

MARC

LEADER 00000cam a2200000 7i4500
001 0000008031
002 000008766
005 20011119.0
020 |a 0721417027 
090 0 0 |a 030   |b DAL 
100 1 |a Daly, Bridget 
245 1 0 |a Space   |c Bridget Daly 
260 |a Loughborough :   |b Ladybirds Books Ltd ,   |c 1993 
300 |a 43 p. :   |b ill. ;   |c 18 cm. 
490 0 |a Favourite tales 
650 0 0 |a Space   |x Discovery and exploration 
999 |a 052362   |b BUKU   |c PINJAMAN   |e PERPUSTAKAAN KOMUNITI PETALING JAYA 
999 |a 052363   |b BUKU   |c PINJAMAN   |e PERPUSTAKAAN KOMUNITI PETALING JAYA 
999 |a 055569   |b BUKU   |c JUNIOR BOOKS   |e PERPUSTAKAAN KOMUNITI PETALING JAYA 
999 |a 055570   |b BUKU   |c JUNIOR BOOKS   |e PERPUSTAKAAN KOMUNITI PETALING JAYA